Trouver les pays et les capitales - quiz difficile - pas de voyelles - Statistiques

Statistiques générales
  • Ce quiz a été pris 25 fois
  • Le résultat moyen est 3 sur 6
Statistiques - réponses
Hint Réponse % Correct
lvltmltt Malte La Valette
65%
hldnlnfskn Finlande Helsinki
61%
bhgndprts Hongrie Budapest
39%
lmtr Italie Rome
39%
sdrmpdgn Espagne Madrid
30%
sgnrhtc Grèce Athènes
26%
Aucun quiz correspondant
Distribution des résultats
% des personnes avec chaque résultat
Percentile par nombre de réponses
Votre historique - résultats
Vous n’avez pas pris ce quiz